Application of Cluster Analysis on the Tourism Regions in Slovakia: Assessing the Level of Their Tourism Development
Tento článok skúma rôzne úrovne rozvoja v slovenských turistických regiónoch. Hlavným cieľom je identifikovať šesť najrozvinutejších turistických regiónov na Slovensku. Ako primárny nástroj na posúdenie úrovne rozvoja cestovného ruchu bola použitá hierarchická klastrová analýza. V analýze bolo použi...
Saved in:
| Main Author: | |
|---|---|
| Other Authors: | |
| Format: | Book Chapter |
| Language: | English |
| Subjects: | |
| Tags: |
No Tags, Be the first to tag this record!
|
MARC
| LEADER | 00000naa$a2200000$$$4500 | ||
|---|---|---|---|
| 001 | 0311321 | ||
| 005 | 20250627080752.9 | ||
| 041 | 0 | |a eng | |
| 044 | |a SK | ||
| 245 | 1 | 0 | |a Application of Cluster Analysis on the Tourism Regions in Slovakia: Assessing the Level of Their Tourism Development |c Martin Schmidt, Lucia Uderianová |
| 520 | |a Tento článok skúma rôzne úrovne rozvoja v slovenských turistických regiónoch. Hlavným cieľom je identifikovať šesť najrozvinutejších turistických regiónov na Slovensku. Ako primárny nástroj na posúdenie úrovne rozvoja cestovného ruchu bola použitá hierarchická klastrová analýza. V analýze bolo použitých niekoľko ukazovateľov odrážajúcich úroveň rozvoja cestovného ruchu v slovenských regiónoch. Zistenia odhaľujú šesť klastrov so šiestimi najrozvinutejšími turistickými regiónmi na Slovensku. Týmito regiónmi sú Bratislavský kraj, Turiec, Horehronie, Pohronie, Tatry a Liptov. Pre budúci výskum odporúčame posúdiť úroveň rozvoja cestovného ruchu v turistických regiónoch susedných krajín, čo by mohlo zdôrazniť potenciálnych partnerov pre dobre rozvinuté regióny Slovenska. To by mohlo prispieť k efektívnejšej spolupráci medzi najrozvinutejšími turistickými regiónmi v strednej Európe. | ||
| 610 | 2 | 0 | |a ruch cestovný |
| 610 | 2 | 0 | |a regióny |
| 610 | 2 | 0 | |a klaster |
| 610 | 2 | 0 | |a analýza dát |
| 610 | 2 | 0 | |a rozvoj regionálny |
| 100 | 1 | |a Schmidt, Martin, 2000- | |
| 700 | 1 | |a Uderianová, Lucia, 1999- | |